| 000 | 00713nam a2200169 a 4500 | ||
|---|---|---|---|
| 008 | 120416s1985 ||||||||||||||||| || u | ||
| 020 | _a007012518x | ||
| 050 | _aT 57.6 | ||
| 100 | _aCooke, William P | ||
| 245 | 1 | 0 | _aQuantitative methods for management decisions |
| 260 |
_aNew York _bMcGraw-Hill _c1985 |
||
| 300 | _axviii, 686p. : ill. | ||
| 350 | _a0.00 | ||
| 650 | _aMANAGEMENT SCIENCE | ||
| 995 |
_aMAIN LIBRARY OPEN ACCESS _D0.00 _e712025 _FCBU-MAIN LIBRARY (Kitwe) _H2 _I33.95 _jT 57.6 Coo _M1 _UAVAILABLE _y014330 _ZMain Library Open Access Collection |
||
| 995 |
_aMAIN LIBRARY OPEN ACCESS _D0.00 _e712026 _FCBU-MAIN LIBRARY (Kitwe) _H1 _I33.95 _jT 57.6 Coo _M2 _UAVAILABLE _y014331 _ZMain Library Open Access Collection |
||
| 999 |
_c79919 _d79919 |
||